Ecología y ciudad : el entorno modelado por el hombre /

Guardado en:
Otros Autores: Dadon, J. R., Rodríguez, M. C., Ambas, A., Busch, M.
Formato: Libro
Publicado: Buenos Aires : Aula taller, 2005
Materias:
Etiquetas: Agregar Etiqueta
Sin Etiquetas, Sea el primero en etiquetar este registro!
LEADER 00929nam a22002775a 4500
001 CEM.cems012322
005 20061018175928.0
008 130507s2005##################000#0#####d
003 CEMS
020 |a 9871086210 
082 0 4 |a 574.5 
245 0 0 |a Ecología y ciudad :  |b el entorno modelado por el hombre /  |c J. R. Dadon ; m.C. Rodríguez ; a. Ambas ; m. Busch 
260 |a Buenos Aires :  |b Aula taller,  |c 2005 
300 |a 69 p. 
504 |a Referencia bibliográfica p. 69 
505 0 |a Por que las ciudades -- La ciudad como sistema ecológico -- Algunos problemas ambientales de las ciudades 
653 |a Ecología 
653 |a Ecología urbana 
653 |a Problemas ambientales urbanos 
653 |a Medio ambiente 
653 |a Contaminación 
700 1 |a Dadon, J. R. 
700 1 |a Rodríguez, M. C. 
700 1 |a Ambas, A. 
700 1 |a Busch, M. 
859 |a CEMS  |b BIB. CEMS - 11 de abril  |h 574.5  |i Ec65  |p 23614.06  |t Ej.1